| 000 | 00801nam a2200229Ia 4500 | ||
|---|---|---|---|
| 003 | CO-CtgCURN | ||
| 005 | 20250408225757.0 | ||
| 008 | 190722s9999 xx 000 0 und d | ||
| 020 | _a9586761916 | ||
| 040 |
_aCO-CtgCURN _bspa _ccoctgcurn |
||
| 082 |
_a342.861 _bO42cp |
||
| 100 | _aOlano García, Hernan Alejandro | ||
| 245 | 0 |
_aConstitucion política de Colombia / _cHernan Alejandro Olano García |
|
| 260 |
_aBogotá, Colombia : _bLeyer, _c2002 |
||
| 300 |
_a981 páginas ; _c24 centímetros |
||
| 521 | _aAREA PROFESIONAL | ||
| 590 | _aPrograma de Derecho_18 | ||
| 650 | _aDerecho constitucional | ||
| 942 |
_cBK _h342.861 _iO42cp _2ddc _n0 |
||
| 999 |
_c28500 _d28500 |
||